| 000 | 00675nam a22001937a 4500 | ||
|---|---|---|---|
| 999 |
_c12182 _d12182 |
||
| 003 | AR-CdUCM | ||
| 008 | 190408b ||||| |||| 00| 0 spa d | ||
| 040 |
_aMUNICIPALIDAD PROVINCIAL DEL CUSCO _cBIBLIOTECA MUNICIPAL DEL CUSCO |
||
| 082 |
_aEP / 372 / _bM61 |
||
| 110 |
_aMinisterio de Educación Pública _96342 |
||
| 245 |
_aAurora en la Selva : _bLibro de lectura para niños de las escuelas primarias / |
||
| 260 |
_aLima : _bImprenta Leoncio Prado ; _c1959. |
||
| 300 |
_a84 páginas ; _bIlustraciones _c21cm |
||
| 505 | _aContenido: Lecturas | ||
| 650 |
_aLecturas _96094 |
||
| 650 |
_aEducación primaria _91561 |
||
| 942 |
_2ddc _cLIBROS |
||
| 945 |
_anom _d2019-04-08 |
||